Ydinvoimavaltiot - Statistics

Yleistilastot
  • Tätä visaa on pelattu 35 kertaa
  • Keskiarvotulos 25 / 31
Vastaukset kartalla
Vastauksille on annettu kartalla punavihreä väri sen mukaan, kuinka moni on saanut sen oikein.
 
Vastaustilastot
Vastaus % Oikein
Japani
100%
Kiina
100%
Russia
100%
Suomi
100%
USA
100%
Brasilia
96%
Espanja
96%
Etelä-Korea
96%
Intia
96%
Kanada
96%
Sweden
96%
Ukraina
96%
Argentiina
92%
Iran
92%
Meksiko
92%
Ranska
92%
United Kingdom
92%
South Africa
83%
Unkari
83%
Tsekki
79%
Romania
75%
Bulgaria
71%
Pakistan
71%
Slovakia
71%
Sveitsi
71%
Valko-Venäjä
71%
Alankomaat
67%
Belgia
67%
Slovenia
46%
Armenia
33%
UAE
21%
Ehtoja vastaavia visoja ei löytynyt
Tulosjakauma
Jokaisen tuloksen saaneiden osuus
Persentiili vastausten määrän mukaan
Tuloshistoriasi
Et ole pelannut tätä visaa